000
00435nam a22001217a 4500
003
SGT
082
_a
301.2
_b
H15B
100
_a
भागवत, मोहनराव
245
_a
हिंदुत्व : सामाजिक समरसत्ता : जैन, बौद्ध और सिखधर्मों का सार
260
_b
सुरुचि प्रकाशन
_c
2015
300
_a
125
942
_2
ddc
_c
BK
999
_c
29581
_d
29581